Mincovníctvo Keltov na Slovensku

Bibliographic Details
Main Author: Kolníková, Eva, 1935- (Author)
Format: Article
Language:Slovak
PhysicalDescription:Obr. 4.
Subjects:

MARC

LEADER 00000nab a2200000 a 4500
001 vtls000052496
003 SK-MaSNL
005 20260426104908.0
008 111103c1980 xo 0 slo
015 |a SNBRB19rr/mm-uuuuu 
035 |a CL0062593 
040 |a SNKBUCL  |b slo  |c SNKBUCL  |e AACR2 
041 0 |a slo 
044 |a xo  |c SK 
080 |a 737  |2 1981 
080 |a 904  |2 1981 
100 1 |a Kolníková, Eva,  |d 1935-  |4 aut  |9 26935 
245 1 0 |a Mincovníctvo Keltov na Slovensku  |c Eva Kolníková 
300 |b Obr. 4. 
650 0 7 |a mincovníctvo  |2 snkbucl  |9 30122 
650 0 7 |a Kelti  |2 snkbucl  |9 21276 
650 0 7 |a keltské mince  |2 snkbucl  |9 54575 
651 7 |a Slovensko  |2 snkbucl  |9 14231 
655 7 |a články z novín a časopisov  |2 snkbucl  |9 267496 
773 0 |t Príroda a spoločnosť  |g Roč. 29, č. 1 (1980), s. 52-58 
850 |a Slovenská národná knižnica v Martine  |a MTA001 
852 |a SNK  |b KIS3GCP 
958 |a RK 
992 |a RBX 
999 |c 3333950  |d 3335880